Prioritization of the Business Processes by Measuring Their Efficiency in Slovak Industry

Výsledky prioritizácie efektívnosti procesu vybraného podniku kombináciou Paretovej analýzy a analýzy obaľovania dát - DEA.

Gespeichert in:
Bibliographische Detailangaben
1. Verfasser: Štofová, Lenka, 1989-
Weitere Verfasser: Szaryszová, Petra, 1984-
Format: Buchkapitel
Sprache:Englisch
Schlagworte:
Tags: Tag hinzufügen
Keine Tags, Fügen Sie das erste Tag hinzu!

MARC

LEADER 00000naa$a2200000$$$4500
001 0245476
005 20240502083654.5
041 0 |a eng 
044 |a CZ 
245 1 0 |a Prioritization of the Business Processes by Measuring Their Efficiency in Slovak Industry  |c Lenka Štofová, Petra Szaryszová 
520 |a Výsledky prioritizácie efektívnosti procesu vybraného podniku kombináciou Paretovej analýzy a analýzy obaľovania dát - DEA. 
610 2 0 |a priemysel automobilový 
610 2 0 |a Slovensko 
610 2 0 |a analýza obaľovania dát 
610 2 0 |a procesy podnikové 
610 2 0 |a podnik 
610 2 0 |a proces výrobný 
610 2 0 |a analýza procesov výrobných 
100 1 |a Štofová, Lenka, 1989- 
700 1 |a Szaryszová, Petra, 1984-